Score 0/44 Timer 04:00
0 Plays Today
Clue % Correct
Wait on the phoneHOLD
88.3%
Where the cranium is located•HEAD•
88.1%
It attaches to a fire hydrantHOSE
86.9%
What you're dealt in poker•HAND•
86.9%
'All I ____ wanted'•EVER•
84.7%
PriceCOST
84.7%
Throw a partyHOST
84.7%
GraspedHELD
84.3%
Went down like the TitanicSANK
82.2%
One of the 5 W's•WHAT•
80.8%
Last word of a radio
transmission
•OVER•
79.4%
Cruella de Vil clothing choiceCOAT
78.4%
50-50EVEN
78.1%
Original Ant-Man's first nameHANK
77.1%
In possession of one's facultiesSANE
76.5%
____ KongHONG
76.1%
'Me too'SAME
75.5%
Elk are part of this familyDEER
75.3%
HearkenHEAR
74.5%
Scorch the surface ofSEAR
74.1%
George Michael bandWHAM!
73.9%
ConverseCHAT
73.9%
Clue % Correct
ClairvoyantSEER
73.3%
'____ Enchanted Evening'•SOME•
73.1%
Sight seen from the crow's nestLAND
72.2%
The other white meatPORK
72%
Guatemala neighbor (abbrev.)HOND.
70.9%
Quickly lookPEEK
69.5%
What a greedy person wants•MORE•
68.8%
Added bonusPERK
67.9%
'Nanu Nanu' TV alienMORK
67.8%
2015 Dreamworks filmHOME
66.5%
Lord, earl or duke e.g.PEER
66.1%
HoaxSHAM
63.8%
Island on which Queens is
located
•LONG•
63.2%
Kristoff's pal in 'Frozen'SVEN
62.7%
'Metropolis' director FritzLANG
59.4%
PlaintiffSUER
52.6%
One who staresEYER
50.7%
Son of NoahSHEM
49.4%
____ Mak'er, Led Zeppelin
song
D'YER
47.5%
Someone who regretsRUER
45.3%
Japanese character in 'Ender's Game'SHEN
42.2%
One who drives a motorhomeRV'ER
42%

Today's Daily Dose

Remove Ads.
Support Sporcle.
Get the best of Sporcle when you Go Orange. This ad-free experience offers more features, more stats, and more fun while also helping to support Sporcle. Thank you for becoming a member.

You're not logged in!

Compare scores with friends on all Sporcle quizzes.
OR
Log In

Show Comments

Extras

Top Quizzes Today


Score Distribution

Your Account Isn't Verified!

In order to create a playlist on Sporcle, you need to verify the email address you used during registration. Go to your Sporcle Settings to finish the process.

Report this User

Report this user for behavior that violates our Community Guidelines.

Details: